Pasta or Wine? - Statistics

General Stats
  • This quiz has been taken 92 times
  • The average score is 7 of 10
Answer Stats
Question Answer % Correct
Penne Rigate Pasta
100%
Farfalle Pasta
97%
Marchesi Antinori Wine
93%
Benanti Wine
90%
Maccheroni Pasta
62%
Cavatappi Pasta
62%
Ruffino Wine
62%
Ornellaia Wine
62%
Sedani Rigati Pasta
48%
Mafaldine Pasta
34%
No matching quizzes found
Score Distribution
Percent of People with Each Score
Percentile by Number Answered
Your Score History
You have not taken this quiz